000 00518nam a2200205Ia 4500
005 20250505145728.0
008 008 250505s9999 xx 000 0 eng d
037 _aTextbook
040 _aFML
_bhin
_cFML
041 _ahin
_2hin
084 _aC:f R4
_qFML
100 _aSharma, Ashok Kumar
245 0 _aSangeet Shodh Samigha
260 _aDelhi
_bAryan Publication
_c2024
300 _a248p
365 _aINR
_b795
650 _aMusic
942 _cTB
_hC:f R4
999 _c1311648
_d1311648